| 000 | 01212nam a2200301 a 4500 | ||
|---|---|---|---|
| 001 | 42241 | ||
| 003 | BD-RjUL | ||
| 005 | 20211209053519.0 | ||
| 008 | 160611s1981 ncu b 001 0beng | ||
| 020 |
_a0822304457 _c: $10.00 |
||
| 035 | _a(BD-RjUL) 42359 | ||
| 040 |
_aDLC _cDLC _dDLC _dBD-RjUL _beng |
||
| 041 | _aeng | ||
| 082 | 0 | 0 |
_a327.73047 _223 _bFRD 1981 |
| 100 | 1 |
_aFrancis, David Rowland, _d1850-1927. _9129905 |
|
| 245 | 1 | 0 |
_aDollars and diplomacy : _bAmbassador David Rowland Francis and the fall of tsarism, 1916-17 / _cDavid Rowland Francis ; edited by Jamie H. Cockfield. |
| 260 |
_aDurham, N.C. : _bDuke University Press, _c1981. |
||
| 300 |
_ax, 149 p. ; _c24 cm. |
||
| 500 | _aLetters chiefly from the Francis collection at the Missouri Historical Society. | ||
| 500 | _aIncludes index. | ||
| 504 | _aBibliography: p. [131]-146. | ||
| 600 | 1 | 0 |
_aFrancis, David Rowland, _d1850-1927. _9131104 |
| 651 | 0 |
_aUnited States _xForeign relations _zSoviet Union _xSources. _9129906 |
|
| 651 | 0 |
_aSoviet Union _xForeign relations _zUnited States _xSources. _9129907 |
|
| 651 | 0 |
_aSoviet Union _xHistory _yRevolution, 1917-1921 _xSources. _9129908 |
|
| 700 | 1 |
_aCockfield, Jamie H. _9129909 |
|
| 942 |
_2ddc _cBK |
||
| 999 |
_c42241 _d42241 |
||